Geografía dinámica : europa y oceanía /

Guardado en:
Autor Principal: Perpillou, A.
Formato: Libro
Publicado: Buenos Aires : Kapelusz, 1979
Edición:2a. ed.
Materias:
Etiquetas: Agregar Etiqueta
Sin Etiquetas, Sea el primero en etiquetar este registro!
LEADER 01389nam a22003255a 4500
001 CEM.cems005011
005 20060217000000.0
008 130507s1979##################000#0#####d
003 CEMS
082 0 4 |a 914 
100 1 |a Perpillou, A. 
245 1 0 |a Geografía dinámica :  |b europa y oceanía / 
250 |a 2a. ed. 
260 |a Buenos Aires :  |b Kapelusz,  |c 1979 
300 |a 277 p. 
653 |a Geografia 
653 |a Geografia 2do. año 
859 |a CEMS  |b BIB. CEMS - 11 de abril  |h 914  |i P425a2  |p 10763.81  |t Ej.11 
859 |a CEMS  |b BIB. CEMS - 11 de abril  |h 914  |i P425a2  |p 11128.82  |t Ej.12 
859 |a CEMS  |b BIB. CEMS - 11 de abril  |h 914  |i P425a2  |p 12745.83  |t Ej.8 
859 |a CEMS  |b BIB. CEMS - 11 de abril  |h 914  |i P425a2  |p 17141.93  |t Ej.13 
859 |a CEMS  |b BIB. CEMS - 11 de abril  |h 914  |i P425a2  |p 7520.80  |t Ej.1 
859 |a CEMS  |b BIB. CEMS - 11 de abril  |h 914  |i P425a2  |p 7521.80  |t Ej.2 
859 |a CEMS  |b BIB. CEMS - 11 de abril  |h 914  |i P425a2  |p 7522.80  |t Ej.3 
859 |a CEMS  |b BIB. CEMS - 11 de abril  |h 914  |i P425a2  |p 7523.80  |t Ej.4 
859 |a CEMS  |b BIB. CEMS - 11 de abril  |h 914  |i P425a2  |p 7524.80  |t Ej.5 
859 |a CEMS  |b BIB. CEMS - 11 de abril  |h 914  |i P425a2  |p 7525.80  |t Ej.6 
859 |a CEMS  |b BIB. CEMS - 11 de abril  |h 914  |i P425a2  |p 7526.80  |t Ej.7 
859 |a CEMS  |b BIB. CEMS - 11 de abril  |h 914  |i P425a2  |p 7528.80  |t Ej.9 
859 |a CEMS  |b BIB. CEMS - 11 de abril  |h 914  |i P425a2  |p 7529.80  |t Ej.10